Music Quiz

Random Music or Song Quiz

Artist/Song Match (2000s) Quiz Stats

 Plays Quiz Updated Apr 8, 2015

Challenge
Share
Tweet
Score 0/25 Timer 03:00
7 Plays Today
% Correct
Lady Gaga
92.7%
Beyoncé
92.6%
Green Day
89.3%
Justin Timberlake (feat. Timbaland)
88.2%
Britney Spears
87.5%
Kelly Clarkson
87.3%
Rihanna (feat. Jay-Z)
86.9%
Black Eyed Peas
85.6%
OutKast
85.6%
Eminem
84%
Jay-Z (feat. Alicia Keys)
82.9%
Kanye West (feat. Jamie Foxx)
81.2%
Jay-Z
80%
% Correct
Beyoncé (feat. Jay-Z)
79.2%
Coldplay
78.3%
50 Cent
77.8%
Nelly
77%
U2
75.9%
Christina Aguilera
73.1%
P!nk
72.7%
Destiny's Child
72.5%
Gnarls Barkley
72%
Missy Elliott
68.9%
Alicia Keys
63.8%
Mariah Carey
60%

You're not logged in!

Compare scores with friends on all Sporcle quizzes.
OR
Log In

You Might Also Like...

Show Comments

Extras

Top Quizzes Today


Score Distribution

Your Account Isn't Verified!

In order to create a playlist on Sporcle, you need to verify the email address you used during registration. Go to your Sporcle Settings to finish the process.

Report this User

Report this user for behavior that violates our Community Guidelines.

Details: